Assamese it`s formation ansd development (Record no. 2460)

MARC details
000 -LEADER
fixed length control field 00555cam a2200205ua 4500
001 - CONTROL NUMBER
control field 2610
005 - DATE AND TIME OF LATEST TRANSACTION
control field 20260515113532.0
008 - FIXED-LENGTH DATA ELEMENTS--GENERAL INFORMATION
fixed length control field 110829n ii |||gr||||Z||||||eng
040 ## - CATALOGING SOURCE
Transcribing agency MAIN
082 ## - DEWEY DECIMAL CLASSIFICATION NUMBER
Classification number 491.451
100 1# - MAIN ENTRY--PERSONAL NAME
Personal name Kakati, Banikanta,
Relator term Author.
245 11 - TITLE STATEMENT
Title Assamese it`s formation ansd development
Statement of responsibility, etc. by Banikanta Kakati
250 ## - EDITION STATEMENT
Edition statement 5th.
260 ## - PUBLICATION, DISTRIBUTION, ETC.
Place of publication, distribution, etc. Guahati:
Name of publisher, distributor, etc. LBS publication,995.
300 ## - PHYSICAL DESCRIPTION
Extent xiii; 432p:
Dimensions 23cm.
653 ## - INDEX TERM--UNCONTROLLED
Uncontrolled term Language
653 ## - INDEX TERM--UNCONTROLLED
Uncontrolled term Assamese language
653 ## - INDEX TERM--UNCONTROLLED
Uncontrolled term Assamese it`s formation ansd development
942 ## - ADDED ENTRY ELEMENTS (KOHA)
Koha item type Books
Holdings
Withdrawn status Lost status Damaged status Not for loan Home library Current library Shelving location Date acquired Total checkouts Full call number Barcode Date last seen Copy number Price effective from Koha item type Date last checked out
        Naharkatiya College Library Naharkatiya College Library General stacks 09/19/2020   491.451 | KAK 10060 09/19/2020 2 09/19/2020 Books  
        Naharkatiya College Library Naharkatiya College Library General stacks 09/19/2020 1 491.451 | KAK 10061 12/03/2020 1 09/19/2020 Books 12/01/2020